| 000 | 01261cam0 22003011ib4500 | ||
|---|---|---|---|
| 001 | BY-MI0012-br10272 | ||
| 005 | 20251203121724.0 | ||
| 010 |
^d3953р. ^a985-478-290-5 |
||
| 100 | ^a20151123d2004 y0rusy50 ca | ||
| 101 | 0 | ^arus | |
| 102 | ^aBY | ||
| 105 | ^aa z 000yy | ||
| 200 | 1 |
^aМатематика ^eПособие к экзамену и централизованному тестированию за курс сред.школы ^fБулатов В.И., Жук А.И., Шибут А.С ^gА.И.Азаров,В.И.Булатов,А.И.Жук,А.С.Шибут |
|
| 210 |
^aМн. ^cАверсэв ^d2004 |
||
| 215 | ^a416с. | ||
| 225 | 0 | ^aШкольникам,абитуриентам,учащимся | |
| 610 | 0 | ^aМАТЕМАТИКА | |
| 610 | 0 | ^aМАТЭМАТЫКА | |
| 615 |
^3BY-SEK-ar1826174 ^aБелорусский национальный документ |
||
| 686 |
^a22.1я7 ^v2 ^2rubbk |
||
| 690 |
^a1 ^2Base ^9BY-MI0012 ^xRSEK |
||
| 701 | 1 |
^aБулатов В.И. ^bЖ. А. ^gЖук А И , Шибут А С соавт |
|
| 801 | 0 |
^aBY ^bBY-MI0012 ^c20151123 ^gpsbo |
|
| 801 | 2 |
^aBY ^bBY-MI0012 ^c20210405 ^gpsbo |
|
| 035 | ^a(BY-MI0012)BY-MI0012-br10272 | ||
| 899 | 0 |
^aBY-MI0012 ^iМ 34 ^h22.1я7 |
|